|
|
|
|
| LEADER |
00000cam a22000004a 4500 |
| 001 |
musev2_35534 |
| 003 |
MdBmJHUP |
| 005 |
20230905043734.0 |
| 006 |
m o d |
| 007 |
cr||||||||nn|n |
| 008 |
150313t20151993inu o 00 0 eng d |
| 020 |
|
|
|a 9780253016683
|
| 020 |
|
|
|z 9780253056672
|
| 020 |
|
|
|z 9780253372055
|
| 035 |
|
|
|a (OCoLC)933561274
|
| 040 |
|
|
|a MdBmJHUP
|c MdBmJHUP
|
| 050 |
|
4 |
|a B945
|b .P4 1982eb vol. 5
|
| 082 |
0 |
|
|a 191
|2 19
|
| 100 |
1 |
|
|a Peirce, Charles S.
|q (Charles Sanders),
|d 1839-1914,
|e author.
|
| 240 |
1 |
0 |
|a Works.
|f 1982
|
| 245 |
1 |
0 |
|a Writings of Charles S. Peirce: A Chronological Edition, Volume 5 :
|b 1884-1886 /
|n Volume 5,
|p 1884-1886 :
|c Christian J.W. Kloesel, editor.
|p 1884-1886 :
|n Volume 5,
|
| 264 |
|
1 |
|a Baltimore, Maryland :
|b Project Muse,
|c 2015
|
| 264 |
|
3 |
|a Baltimore, Md. :
|b Project MUSE,
|c 2016
|
| 264 |
|
4 |
|c ©2015
|
| 300 |
|
|
|a 1 online resource (676 pages):
|b illustrations
|
| 336 |
|
|
|a text
|b txt
|2 rdacontent
|
| 337 |
|
|
|a computer
|b c
|2 rdamedia
|
| 338 |
|
|
|a online resource
|b cr
|2 rdacarrier
|
| 500 |
|
|
|a Issued as part of book collections on Project MUSE.
|
| 504 |
|
|
|a Includes bibliographical references and index.
|
| 506 |
|
|
|a Access restricted to authorized users and institutions.
|
| 520 |
|
|
|a The Peirce Edition contains large sections of previously unpublished material in addition to selected published works. Each volume includes a brief historical and biographical introduction, extensive editorial and textual notes, and a full chronological list of all of Peirce's writings, published and unpublished, during the period covered.
|
| 588 |
|
|
|a Description based on print version record.
|
| 650 |
|
0 |
|a Philosophy.
|
| 655 |
|
7 |
|a Electronic books.
|2 local
|
| 700 |
1 |
|
|a Kloesel, Christian J. W.,
|e editor.
|
| 710 |
2 |
|
|a Peirce Edition Project,
|e issuing body.
|
| 710 |
2 |
|
|a Project Muse,
|e distributor.
|
| 776 |
1 |
8 |
|i Print version:
|z 9780253372055
|
| 710 |
2 |
|
|a Project Muse.
|e distributor
|
| 830 |
|
0 |
|a Book collections on Project MUSE.
|
| 856 |
4 |
0 |
|z Texto completo
|u https://projectmuse.uam.elogim.com/book/35534/
|
| 945 |
|
|
|a Project MUSE - Custom Collection
|
| 945 |
|
|
|a Project MUSE - Archive Complete Supplement IV
|
| 945 |
|
|
|a Project MUSE - Archive Literature Supplement IV
|